Prénoms en verlan (click quiz) - Statistiques

Statistiques générales
  • Ce quiz a été pris 415 fois
  • Le résultat moyen est 9 sur 9
Statistiques - réponses
Hint Réponse % Correct
Abel Béla
99%
Liée Elie
99%
Miré Rémi
99%
Racla Clara
98%
Résidé Désiré
98%
Olé Léo
98%
Tari Rita
98%
Ôta Tao
98%
Rala Lara
97%
Aucun quiz correspondant
Distribution des résultats
% des personnes avec chaque résultat
Percentile par nombre de réponses
Votre historique - résultats
Vous n’avez pas pris ce quiz